Top 200

Trend Top 200. Výroba. Obchod. Podniky s najvyššou pridanou hodnotou. Zisk. Export. Vlastné imanie. Zamestnanosť. Zmeny v podnikoch. Komentáre.

Gespeichert in:
Bibliographische Detailangaben
Format: Buchkapitel
Sprache:Slowakisch
Schlagworte:
Tags: Tag hinzufügen
Keine Tags, Fügen Sie das erste Tag hinzu!

MARC

LEADER 00000naa$a2200000$$$4500
001 0011875
005 20231009075018.2
041 0 |a slo 
044 |a SK 
245 1 0 |a Top 200 
520 |a Trend Top 200. Výroba. Obchod. Podniky s najvyššou pridanou hodnotou. Zisk. Export. Vlastné imanie. Zamestnanosť. Zmeny v podnikoch. Komentáre. 
610 2 0 |a podnik 
610 2 0 |a veľkosť podnikov 
610 2 0 |a výroba 
610 2 0 |a obchod 
610 2 0 |a hodnota pridaná 
610 2 0 |a zisk 
610 2 0 |a vývoz 
610 2 0 |a imanie vlastné 
610 2 0 |a zamestnanosť 
610 2 0 |a komentáre